| 000 | 01012cab a2200289 4500 | ||
|---|---|---|---|
| 001 | L129387 | ||
| 008 | 050415n2005 000 0 eng u | ||
| 035 | _a(Sirsi) u129387 | ||
| 041 | _aeng | ||
| 100 | _aHiddleston, John | ||
| 245 | _aProblematic premises | ||
| 260 | _c2005 | ||
| 490 |
_aTaxation _v154(4001) 31 March 2005, 654-655(2) |
||
| 520 | _aConsiders the circumstances in which traders can obtain tax relief in respect of their former business premises. Includes case law. | ||
| 590 | _aIKA150405 | ||
| 650 | _aCAPE BRANDY SYNDICATE V CIR | ||
| 650 | _aI/S FINI H V SKATTERMINISTERIET | ||
| 650 | _aHERBERT SMITH V HONOUR | ||
| 650 | _aCIR V FALKIRK IRON CO LTD | ||
| 650 | _aHYETT V LENNARD | ||
| 650 | _aANGLO-PERSIAN OIL CO LTD V DALE | ||
| 650 | _aMALLETT V STAVELY COAL AND IRON CO LTD | ||
| 650 | _aCROWCHER V RICHARD MILLS AND CO LTD | ||
| 650 | _aUNION COLD STORAGE CO LTD V ELLERKER | ||
| 690 | _aPROPERTY-COMMERCIAL PROPERTY-COMMERCIAL PROPERTY TAXATION | ||
| 942 | _n0 | ||
| 999 |
_c75095 _d75095 |
||